Galéria moderného umenia

Na minha lista:
Detalhes bibliográficos
Autor principal: Halada, Matej (Author)
Outros Autores: Mellner, Dušan (Thesis advisor)
Formato: Manuscrito Livro
Idioma:eslovaco
Publicado em: 2016
Assuntos:
Acesso em linha:http://is.stuba.sk/zp/portal_zp.pl?podrobnosti=124224
https://opac.crzp.sk/?fn=detailBiblioForm&sid=427371B0090519B80440D021842E
Tags: Adicionar Tag
Sem tags, seja o primeiro a adicionar uma tag!

MARC

LEADER 00000ntm a22000003a 4500
001 stuzp56013
003 SK-STU
005 20230825144025.1
007 ta
008 150427s2015----xo-----f-mn---000-0-slo-d
040 |a STU  |b slo 
041 0 |a slo 
100 1 |a Halada, Matej  |u 010310  |4 aut  |U SvF Stavebná fakulta  |T SvF Katedra architektúry  |X 42071  |U V181|V310  |Y 19  |7 42071 
242 0 1 |a Gallery of Modern Art  |y eng 
245 1 0 |a Galéria moderného umenia 
260 |c 2016 
650 4 |a Galéria  |2 slo 
650 4 |a Bratislava  |2 slo 
650 4 |a Petržalka  |2 slo 
650 4 |a Galéria  |2 eng 
650 4 |a Bratislava  |2 eng 
650 4 |a Petržalka  |2 eng 
700 1 |a Mellner, Dušan  |u 010310  |k Z1  |4 ths  |U SvF Stavebná fakulta  |T SvF Katedra architektúry  |X 5310  |U V181|V310  |Y 19  |7 5310 
856 4 |u http://is.stuba.sk/zp/portal_zp.pl?podrobnosti=124224 
856 4 |u https://opac.crzp.sk/?fn=detailBiblioForm&sid=427371B0090519B80440D021842E 
SQL |a stuzp56013  |b DBP  |c SLO  |d Galéria moderného umenia  |e 42071  |f Halada, Matej  |g 010310  |h 5310  |i Mellner, Dušan  |j 20160622  |k 4  |l 01  |m http://is.stuba.sk/zp/portal_zp.pl?podrobnosti=124224  |n B-PSA  |o 5.1.4. pozemné stavby, 5.1.1. architektúra a urbanizmus